Stereoselective organocatalysis bond formation methodologies and activation modes

"This book covers the most important methodologies reported for stereoselective organocatalysis, based not only on the activation mode but also the type of bond formed. Starting with an introduction laying out the different activation modes, the chapters move on to describe the most important method...

Descripción completa

Guardado en:
Detalles Bibliográficos
Otros Autores: Rios Torres, Ramon (Editor)
Formato: Libro
Lenguaje:inglés
Publicado: Hoboken, New Jersey Wiley 2013
Materias:
Acceso en línea:Cover image
Ver en el OPAC
Etiquetas: Agregar Etiqueta
Sin Etiquetas, Sea el primero en etiquetar este registro!

MARC

LEADER 00000cam a2200000 i 4500
005 20260127134316.0
008 141008s2013 nju b 001 0 eng
010 |a 2012-050059 
020 |a 9781118203538 (hardback) 
035 |a vtls010626635 
039 9 |a 201410080938  |b mschk03  |c 201410080935  |d mschk03  |y 201410080933  |z mschk03 
040 |a DLC  |b eng  |c DLC  |e rda  |d DLC  |d STUSCHK1 
042 |a pcc 
080 0 0 |a 547/.215  |2 23 
084 |a SCI013040  |2 bisacsh 
245 0 0 |a Stereoselective organocatalysis  |b bond formation methodologies and activation modes  |c edited by Ramon Rios Torres, University of Southampton, Southampton, United Kingdom. 
260 1 |a Hoboken, New Jersey  |b Wiley  |c 2013 
300 |a xi, 662 p.  |b ill.  |c 24 cm 
336 |a text  |2 rdacontent 
337 |a unmediated  |2 rdamedia 
338 |a volume  |2 rdacarrier 
504 |a Includes bibliographical references and index. 
520 |a "This book covers the most important methodologies reported for stereoselective organocatalysis, based not only on the activation mode but also the type of bond formed. Starting with an introduction laying out the different activation modes, the chapters move on to describe the most important methodologies for the formation of key chemical bonds, including carbon-carbon (C-C), carbon-nitrogen (C-N), and carbon-halogen (C-X) bonds. It features an organization and approach useful for both students and practicing chemists in industry"--  |c Provided by publisher. 
520 |a "This book covers the most important methodologies reported for stereoselective organocatalysis, based not only on the activation mode but also the type of bond formed"--  |c Provided by publisher. 
650 0 |a Catalysis. 
650 0 |a Chemistry, Organic. 
650 0 |a Stereochemistry. 
650 7 |a SCIENCE / Chemistry / Organic.  |2 bisacsh 
700 1 |a Rios Torres, Ramon  |e edt 
776 0 8 |i Online version:  |t Stereoselective organocatalysis  |d Hoboken, New Jersey : Wiley, [2013]  |z 9781118604748  |w (DLC) 2013009040 
856 4 2 |3 Cover image  |u http://catalogimages.wiley.com/images/db/jimages/9781118203538.jpg 
906 |a 7  |b cbc  |c orignew  |d 1  |e ecip  |f 20  |g y-gencatlg 
910 |a SCHK95 
919 |a 978-1-118-20353-8 
925 0 |a acquire  |b 2 shelf copies  |x policy default 
955 |w rd05 2013-03-05  |f re12 2014 -01-29 to CALM 
999 |c 9414  |d 9414